Roots of the Arab Spring (Record no. 113252)
[ view plain ]
| 000 -LEADER | |
|---|---|
| fixed length control field | 01666nam a2200385Ia 4500 |
| 082 04 - DEWEY DECIMAL CLASSIFICATION NUMBER | |
| Classification number | 909/.097492708312 |
| 100 1# - MAIN ENTRY--AUTHOR NAME | |
| Personal name | Rand, Dafna Hochman, |
| 245 10 - TITLE STATEMENT | |
| Title | Roots of the Arab Spring |
| 250 ## - EDITION STATEMENT | |
| Edition statement | 1st ed. |
| 260 ## - PUBLICATION, DISTRIBUTION, ETC. (IMPRINT) | |
| Place of publication | Philadelphia : |
| Name of publisher | University of Pennsylvania Press, |
| Year of publication | c2013. |
| 300 ## - PHYSICAL DESCRIPTION | |
| Number of Pages | xi, 171 p. |
| 650 #0 - SUBJECT ADDED ENTRY--TOPICAL TERM | |
| Topical Term | Arab Spring, 2010- |
| Topical Term | Authoritarianism |
| Topical Term | Authoritarianism |
| Topical Term | Protest movements |
| Topical Term | Protest movements |
| 856 40 - ELECTRONIC LOCATION AND ACCESS | |
| Uniform Resource Identifier | http://site.ebrary.com/lib/rucke/Doc?id=10748446 |
No items available.
